Edible Celebrity Names Quiz Stats

 Plays Quiz not verified by Sporcle

Support Sporcle.
Go Orange.
Score 0/21 Timer 04:00
0 Plays Today
% Correct
81.8%
71.5%
70.6%
68.6%
65.1%
59.1%
58.3%
54.3%
49.5%
43.7%
43.4%
% Correct
43.3%
41.3%
39.4%
35.5%
35%
32.8%
31.4%
21.4%
21.3%
17.9%

You're not logged in!

Compare scores with friends on all Sporcle quizzes.
OR
Log In

From the Vault

US Civil War Battle States

by Propellerhead

"I do not expect the Union to be dissolved - I do not expect the house to fall - but I do expect it will cease to be divided."
Remove Ads.
Support Sporcle.
Get the best of Sporcle when you Go Orange. This ad-free experience offers more features, more stats, and more fun while also helping to support Sporcle. Thank you for becoming a member.

Show Comments

Extras

Top Quizzes Today


Score Distribution

Your Account Isn't Verified!

In order to create a playlist on Sporcle, you need to verify the email address you used during registration. Go to your Sporcle Settings to finish the process.

Report this User

Report this user for behavior that violates our Community Guidelines.

Details: